Helping your child develop his potentialities.

Bibliographic Details
Main Author: Strang, Ruth May, 1895-1971
Format: Book
Language:English
Published: [Place of publication not identified] : Dutton, 1965.
Edition:[1st ed.].
Subjects:

MARC

Tag First Indicator Second Indicator Subfields
LEADER 00000cam a2200000 4500
001 in00000051965
005 20151007080229.0
008 720310s1965 eng u
010 |a  64011076  
035 |a (OCoLC)00260554 
035 |9 AAF4458AM 
040 |c WSU  |d TXA  |d UtOrBLW 
049 |a TXAM  |c [412066] 
090 |a HQ773  |b .S74 
092 |a 155.4  |b S897h 
100 1 |a Strang, Ruth May,  |d 1895-1971. 
245 1 0 |a Helping your child develop his potentialities. 
250 |a [1st ed.]. 
264 1 |a [Place of publication not identified] :  |b Dutton,  |c 1965. 
300 |a 256 pages 
336 |a text  |b txt  |2 rdacontent 
337 |a unmediated  |b n  |2 rdamedia 
338 |a volume  |b nc  |2 rdacarrier 
650 0 |a Problem children. 
999 |a MARS 
999 f f |s c843bf15-b460-3ca4-bcd5-ece58e8e3fd4  |i 26af897c-404f-3709-9e8e-6e20397e2ecf  |t 0 
952 f f |p ric  |a Texas A&M University  |b Rellis Campus  |c Joint Library Facility  |d Remote Storage  |t 0  |e HQ773 .S74  |h Library of Congress classification  |i unmediated -- volume  |m A14800527520 
998 f f |a HQ773 .S74  |t 0  |l Remote Storage